Stare World 100 Most Populated Cities on a Map - 2080 - Statistics

General Stats
  • This quiz has been taken 4 times
  • The average score is 69 of 100
Answers on the Map
Answers color-coded by a green-red scale on the quiz's map according to % correct below.
 
Answer Stats
Population Answer % Correct
2.20M Abulan
100%
879K Akatha
100%
870K Buferia
100%
3.65M Dranos
100%
4.03M Fasar
100%
589K Gadens
100%
603K Garona City
100%
6.01M Miloha
100%
592K Mitonyr
100%
4.32M Najo
100%
1.24M Oro
100%
698K Paljos
100%
711K Port Bonas
100%
6.78M Rio Conia
100%
4.35M Spirit City
100%
1.86M Staranbul
100%
5.49M Starepolis
100%
2.45M Swara
100%
690K Varburg
100%
1.19M Zline
100%
570K Adaby
67%
726K Afrim
67%
1.87M Alypus
67%
476K Aneby
67%
658K Arkford
67%
444K Asill
67%
589K Athebur
67%
498K Atustol
67%
4.21M Bargrade
67%
1.12M Bison
67%
2.89M Bunnard
67%
676K Chido
67%
4.35M Chimea
67%
2.87M Cradon
67%
706K Daren
67%
876K Dento
67%
3.12M Drotol
67%
1.78M Ejbus
67%
1.16M Ektinos
67%
3.05M Elesar
67%
742K Empuri
67%
1.32M Enspor
67%
475K Erinar
67%
533K Estova
67%
997K Fekpolis
67%
463K Fluton
67%
1.35M Gejpot
67%
3.02M Gickar
67%
1.24M Grajdon
67%
912K Hajoda
67%
1.16M Hilthon
67%
932K Ilens
67%
644K Inepy
67%
864K Jollas
67%
1.22M Jomay
67%
3.95M Kara
67%
503K Kudon
67%
2.37M Lagho
67%
919K Lelas
67%
790K Licardo
67%
4.35M Lonin
67%
5.89M Lymar
67%
492K Meltor
67%
730K Monteterra
67%
1.29M Mulan
67%
488K Naco
67%
4.05M Naka
67%
984K Onjoda
67%
551K Otasej
67%
1.21M Phestin
67%
732K Poran
67%
652K Potumyr
67%
2.36M Prigull
67%
3.12M Prokarest
67%
446K Ressar
67%
3.72M Ritava
67%
559K Rokspor
67%
578K Rouber
67%
469K Sedale
67%
966K Shin
67%
562K Slofa
67%
1.50M Staregrad
67%
5.51M Suragua
67%
971K Tinas
67%
678K Tisgow
67%
2.35M Ulding
67%
442K Umony
67%
728K Urgy
67%
548K Clago
33%
578K Claka
33%
480K Jamgan
33%
466K Klausa
33%
529K Ksinja
33%
644K Mugow
33%
444K Onitol
33%
448K Ralledo
33%
542K Vikall
33%
681K Volis
33%
512K Anbuly
0%
505K Pisford
0%
No matching quizzes found
Score Distribution
Percent of People with Each Score
Percentile by Number Answered
Your Score History
You have not taken this quiz